[Event "BL2-Ost 1920"]
[Site "Germany"]
[Date "2021.08.07"]
[Round "9.3"]
[White "Gasthofer, Alexander"]
[Black "Hess, Max"]
[Result "1/2-1/2"]
[WhiteElo "2416"]
[BlackElo "2373"]
[PlyCount "44"]
[EventDate "2019.10.19"]
[EventType "team-tourn"]
[EventRounds "11"]
[EventCountry "GER"]
[SourceTitle "EXT 2023"]
[Source "ChessBase"]
[SourceDate "2022.10.05"]
[SourceVersion "1"]
[SourceVersionDate "2022.10.05"]
[SourceQuality "1"]
[WhiteTeam "Bad Mergentheim"]
[BlackTeam "Garching"]
[WhiteTeamCountry "GER"]
[BlackTeamCountry "GER"]

1. Nf3 d5 2. g3 Nf6 3. Bg2 e6 4. d4 Be7 5. 0-0 0-0 6. c4 dxc4 7. Qc2 a6 8. a4 Bd7 9. Rd1 Bc6 10. Nc3 Bxf3 11. Bxf3 Nc6 12. Bxc6 bxc6 13. Bg5 Ne8 14. Bxe7 Qxe7 15. Ne4 Nd6 16. Nxd6 cxd6 17. Qxc4 d5 18. Qxc6 Rfc8 19. Qb6 Rcb8 20. Qc6 Rc8 21. Qb6 Rcb8 22. Qc6 Rc8 1/2-1/2

[Event "BL2-Ost 1920"]
[Site "Germany"]
[Date "2019.12.08"]
[Round "6.5"]
[White "Weishaeutel, Moritz"]
[Black "Gasthofer, Alexander"]
[Result "0-1"]
[WhiteElo "2260"]
[BlackElo "2416"]
[PlyCount "64"]
[EventDate "2019.10.19"]
[EventType "team-tourn"]
[EventRounds "11"]
[EventCountry "GER"]
[SourceTitle "CBM 194 Extra"]
[Source "ChessBase"]
[SourceDate "2020.03.31"]
[SourceVersion "1"]
[SourceVersionDate "2020.03.31"]
[SourceQuality "1"]
[WhiteTeam "Erfurt"]
[BlackTeam "Bad Mergentheim"]
[WhiteTeamCountry "GER"]
[BlackTeamCountry "GER"]

1. e4 d6 2. d4 Nf6 3. Nc3 e5 4. Nf3 Nbd7 5. Bc4 Be7 6. 0-0 0-0 7. Re1 c6 8. a4 Qc7 9. h3 a5 10. Be3 Nb8 11. Bd3 Na6 12. Ne2 Nb4 13. g4 d5 14. Ng3 dxe4 15. Nxe4 Nxd3 16. Qxd3 Nxe4 17. Qxe4 f5 18. Qd3 e4 19. Qb3+ Kh8 20. Ne5 Bd6 21. Bf4 fxg4 22. Qg3 Bxe5 23. Bxe5 Qf7 24. hxg4 Qg6 25. g5 Be6 26. Qg2 Rf5 27. Qxe4 Bd5 28. Qe3 Rxg5+ 29. Bg3 Qh5 30. Kf1 Rf8 31. f4 Qh3+ 32. Kf2 Qg2# 0-1

[Event "BL2-Sued 1819"]
[Site "Germany"]
[Date "2019.02.24"]
[Round "8.5"]
[White "Nothnagel, Marian Can"]
[Black "Gasthofer, Alexander"]
[Result "0-1"]
[WhiteElo "2358"]
[BlackElo "2417"]
[PlyCount "62"]
[EventDate "2018.11.10"]
[EventType "team-tourn"]
[EventRounds "10"]
[EventCountry "GER"]
[SourceTitle "CBM 190 Extra"]
[Source "ChessBase"]
[SourceDate "2019.07.15"]
[SourceVersion "1"]
[SourceVersionDate "2019.07.15"]
[SourceQuality "1"]
[WhiteTeam "Griesheim"]
[BlackTeam "Bad Mergentheim"]
[WhiteTeamCountry "GER"]
[BlackTeamCountry "GER"]

1. e4 e6 2. d3 b6 3. g3 d5 4. Nd2 Bb7 5. Bg2 Nd7 6. Ngf3 g6 7. 0-0 Bg7 8. Re1 Ne7 9. e5 Nc6 10. d4 0-0 11. Nf1 f6 12. exf6 Qxf6 13. Bg5 Qf7 14. Bf4 Nxd4 15. Nxd4 e5 16. Nf3 exf4 17. Ng5 Qf5 18. gxf4 Qxf4 19. Bxd5+ Bxd5 20. Qxd5+ Kh8 21. Qg2 Ne5 22. Re3 Rae8 23. Rae1 h6 24. Nh3 Qf7 25. Qe4 Qd7 26. Kg2 Kh7 27. R1e2 Nf3 28. Qxe8 Qg4+ 29. Ng3 Rxe8 30. Rxe8 Nh4+ 31. Kh1 Qf3+ 0-1

[Event "BL2-Ost 1617"]
[Site "Germany"]
[Date "2016.11.20"]
[Round "4.3"]
[White "Gasthofer, Alexander"]
[Black "Klek, Hanna Marie"]
[Result "0-1"]
[WhiteElo "2437"]
[BlackElo "2326"]
[PlyCount "132"]
[EventDate "2016.10.14"]
[EventType "team-tourn"]
[EventRounds "10"]
[EventCountry "GER"]
[SourceTitle "CBM 177 Extra"]
[Source "ChessBase"]
[SourceDate "2017.04.27"]
[SourceVersion "1"]
[SourceVersionDate "2017.04.27"]
[SourceQuality "1"]
[WhiteTeam "Bad Mergentheim"]
[BlackTeam "Erlangen"]
[WhiteTeamCountry "GER"]
[BlackTeamCountry "GER"]

1. Nf3 d5 2. d4 Nf6 3. e3 e6 4. Bd3 c5 5. c3 Bd6 6. Nbd2 0-0 7. dxc5 Bxc5 8. 0-0 Nc6 9. e4 Qc7 10. Qc2 h6 11. h3 b6 12. exd5 Nxd5 13. Nb3 Be7 14. Qe2 Bb7 15. Re1 Rfd8 16. Bc2 Rac8 17. Bb1 Rd7 18. Qe4 Nf6 19. Qe2 Rcd8 20. Bc2 Qc8 21. Bf4 Ba6 22. Qe3 Nb4 23. Qc1 Nxc2 24. Qxc2 Nd5 25. Qc1 Bf6 26. Be5 Bxe5 27. Nxe5 Rc7 28. Qb1 f6 29. Ng4 e5 30. Qg6 Kh8 31. Ne3 Nf4 32. Qg4 Rcd7 33. a4 h5 34. Qf3 Bb7 35. Qg3 Rd3 36. f3 Qe6 37. Ra3 Ba6 38. Kh2 Bc4 39. Nd4 Qf7 40. Nxc4 Qxc4 41. Nf5 Qf7 42. Ne3 Rd2 43. Raa1 Rxb2 44. Red1 Rdd2 45. Rxd2 Rxd2 46. c4 Qd7 47. a5 bxa5 48. Rxa5 Re2 49. Ra3 a5 50. Nd5 Rxg2+ 51. Qxg2 Nxg2 52. Kxg2 a4 53. Kf2 Qc6 54. Ne3 Qd6 55. Ra2 Qb4 56. Rc2 Qc5 57. Ke2 a3 58. Rc3 a2 59. Nc2 Qa5 60. Kd3 a1Q 61. Nxa1 Qxa1 62. c5 Qa6+ 63. Kc2 Qc6 64. Kb3 Kg8 65. Kc4 Kf7 66. Rb3 Ke7 0-1

[Event "GER-ch 87th"]
[Site "Luebeck"]
[Date "2016.10.26"]
[Round "6"]
[White "Malek, Daniel"]
[Black "Gasthofer, Alexander"]
[Result "1/2-1/2"]
[WhiteElo "2411"]
[BlackElo "2437"]
[PlyCount "76"]
[EventDate "2016.10.21"]
[EventType "swiss"]
[EventRounds "9"]
[EventCountry "GER"]
[SourceTitle "EXT 2018"]
[Source "ChessBase"]
[SourceDate "2017.10.13"]
[SourceVersion "1"]
[SourceVersionDate "2017.10.13"]
[SourceQuality "1"]

1. d4 d5 2. c4 c6 3. Nf3 Nf6 4. e3 e6 5. Bd3 Nbd7 6. 0-0 Bd6 7. Nbd2 0-0 8. e4 e5 9. cxd5 cxd5 10. exd5 exd4 11. Ne4 Nxe4 12. Bxe4 Nf6 13. Bg5 h6 14. Bxf6 Qxf6 15. Qxd4 Qxd4 16. Nxd4 Bd7 17. Rac1 g6 18. Nb3 Rac8 19. Na5 Rxc1 20. Rxc1 Rc8 21. Rxc8+ Bxc8 22. g3 Kf8 23. Kf1 Ke7 24. Ke2 Bc7 25. Nc4 b6 26. Ke3 Ba6 27. d6+ Bxd6 28. Nxd6 Kxd6 29. Kd4 g5 30. f4 f6 31. h4 gxh4 32. gxh4 Bc8 33. b4 Bd7 34. a3 Bc8 35. Bf3 Bd7 36. Be4 Bc8 37. Bf3 Bd7 38. Be4 Bc8 1/2-1/2

[Event "GER-ch 87th"]
[Site "Luebeck"]
[Date "2016.10.22"]
[Round "2"]
[White "Hirneise, Jens"]
[Black "Gasthofer, Alexander"]
[Result "0-1"]
[WhiteElo "2324"]
[BlackElo "2437"]
[PlyCount "40"]
[EventDate "2016.10.21"]
[EventType "swiss"]
[EventRounds "9"]
[EventCountry "GER"]
[SourceTitle "EXT 2018"]
[Source "ChessBase"]
[SourceDate "2017.10.13"]
[SourceVersion "1"]
[SourceVersionDate "2017.10.13"]
[SourceQuality "1"]

1. e4 Nf6 2. e5 Nd5 3. d4 d6 4. c4 Nb6 5. exd6 exd6 6. Nc3 Be7 7. Nf3 Nc6 8. d5 Ne5 9. Nd4 0-0 10. b3 c5 11. dxc6 d5 12. cxb7 Bxb7 13. c5 Bxc5 14. Bb5 a6 15. Be2 Qf6 16. Be3 Nc6 17. Nxc6 Qxc3+ 18. Kf1 Bxe3 19. Ne7+ Kh8 20. fxe3 Qf6+ 0-1

[Event "BL2-Ost 1516"]
[Site "Germany"]
[Date "2016.03.13"]
[Round "4.5"]
[White "Gasthofer, Alexander"]
[Black "Krensing, Jan"]
[Result "1/2-1/2"]
[WhiteElo "2444"]
[BlackElo "2336"]
[PlyCount "115"]
[EventDate "2015.09.20"]
[EventType "team-tourn"]
[EventRounds "9"]
[EventCountry "GER"]
[SourceTitle "EXT 2017"]
[Source "ChessBase"]
[SourceDate "2016.10.25"]
[SourceVersion "1"]
[SourceVersionDate "2016.10.25"]
[SourceQuality "1"]
[WhiteTeam "Bad Mergentheim"]
[BlackTeam "Bindlach"]
[WhiteTeamCountry "GER"]
[BlackTeamCountry "GER"]

1. d4 Nf6 2. c4 e6 3. g3 d5 4. Bg2 Bb4+ 5. Bd2 Be7 6. Nf3 0-0 7. Qc2 c6 8. b3 b6 9. 0-0 Ba6 10. a4 Nbd7 11. Rd1 Rc8 12. a5 c5 13. axb6 Qxb6 14. Qa2 Bb7 15. Ba5 Qa6 16. Qb2 dxc4 17. dxc5 cxb3 18. Bc3 Qc6 19. Ne1 Qc7 20. Rxa7 Nxc5 21. Bxb7 Nxb7 22. Qxb3 Rb8 23. Nd3 Ne4 24. Be5 Bd6 25. Bxd6 Nbxd6 26. Rxc7 Rxb3 27. Nd2 Nxd2 28. Rxd2 Rb7 29. Rdc2 Rxc7 30. Rxc7 Rd8 31. Ne5 Kf8 32. Kg2 Ke8 33. g4 f6 34. Nd3 Rd7 35. Rc6 Ke7 36. Ra6 Rc7 37. f3 Kd7 38. Ra8 Ke7 39. Nf4 Kf7 40. Rd8 Nb7 41. Rh8 h6 42. h4 Rd7 43. Rb8 e5 44. Nd3 Rc7 45. h5 Nc5 46. Nf2 Ke7 47. Nd1 Ne6 48. Ne3 Nf4+ 49. Kf2 Kf7 50. Nf5 Rd7 51. Ra8 Ne6 52. Nh4 Nf8 53. Kg3 Rc7 54. e3 Rb7 55. Nf5 Rd7 56. Ra6 Ne6 57. Nd6+ Ke7 58. Nc8+ 1/2-1/2

[Event "BL2-Ost 1516"]
[Site "Germany"]
[Date "2016.03.12"]
[Round "3.5"]
[White "Eichner, Sebastian"]
[Black "Gasthofer, Alexander"]
[Result "1/2-1/2"]
[WhiteElo "2370"]
[BlackElo "2444"]
[PlyCount "41"]
[EventDate "2015.09.20"]
[EventType "team-tourn"]
[EventRounds "9"]
[EventCountry "GER"]
[SourceTitle "EXT 2017"]
[Source "ChessBase"]
[SourceDate "2016.10.25"]
[SourceVersion "1"]
[SourceVersionDate "2016.10.25"]
[SourceQuality "1"]
[WhiteTeam "Nickelhuette Aue"]
[BlackTeam "Bad Mergentheim"]
[WhiteTeamCountry "GER"]
[BlackTeamCountry "GER"]

1. d4 d5 2. c4 Nc6 3. Nf3 Bg4 4. Nc3 e6 5. cxd5 exd5 6. Bf4 Bd6 7. Bxd6 Qxd6 8. e3 Nf6 9. Rc1 0-0 10. Be2 Ne7 11. 0-0 c6 12. h3 Bxf3 13. Bxf3 Nf5 14. Rb1 a5 15. Na4 Qe7 16. Nc5 Nd6 17. Qc2 Nd7 18. Rfc1 Nxc5 19. Qxc5 Rfe8 20. Be2 Qd7 21. Bd3 1/2-1/2

[Event "BL2-Ost 1415"]
[Site "Germany"]
[Date "2014.10.19"]
[Round "2.2"]
[White "Neuman, Petr"]
[Black "Gasthofer, Alexander"]
[Result "1/2-1/2"]
[WhiteElo "2465"]
[BlackElo "2433"]
[PlyCount "113"]
[EventDate "2014.10.18"]
[EventType "team-tourn"]
[EventRounds "10"]
[EventCountry "GER"]
[SourceTitle "CBM 166 Extra"]
[Source "ChessBase"]
[SourceDate "2015.06.18"]
[SourceVersion "1"]
[SourceVersionDate "2015.06.18"]
[SourceQuality "1"]
[WhiteTeam "Bindlach Aktionaer"]
[BlackTeam "Bad Mergentheim"]
[WhiteTeamCountry "GER"]
[BlackTeamCountry "GER"]

1. d4 d5 2. c4 c6 3. Nc3 Nf6 4. e3 g6 5. Nf3 Bg7 6. Be2 0-0 7. 0-0 dxc4 8. Bxc4 Bg4 9. h3 Bxf3 10. Qxf3 Nbd7 11. Rd1 e5 12. d5 e4 13. Nxe4 Nxe4 14. Qxe4 Nb6 15. Bb3 cxd5 16. Qf3 Qe7 17. Rb1 Rac8 18. Bd2 d4 19. exd4 Bxd4 20. Re1 Qf6 21. Qxf6 Bxf6 22. Bb4 Rfe8 23. Rxe8+ Rxe8 24. Rc1 Rc8 25. Rxc8+ Nxc8 26. Bd5 b6 27. b3 a5 28. Bd2 Be7 29. Kf1 Bc5 30. g4 Nd6 31. Ke2 Kf8 32. f4 Ke7 33. Kd3 Ke8 34. Bc3 Ke7 35. Bb2 Kf8 36. f5 gxf5 37. gxf5 Nxf5 38. Be4 Ne3 39. Bd4 Nd1 40. Bxc5+ bxc5 41. Kd2 Nf2 42. Bg2 f5 43. Ke2 Ne4 44. Bxe4 fxe4 45. Ke3 Ke7 46. Kxe4 Ke6 47. Kd3 Kd5 48. Kc3 h6 49. h4 h5 50. Kd3 Kc6 51. Kc3 Kd5 52. a3 a4 53. bxa4 Kc6 54. Kc4 Kb6 55. Kd5 Ka5 56. Kxc5 Kxa4 57. Kd5 1/2-1/2

[Event "Oberliga Baden 1314"]
[Site "Germany"]
[Date "2013.11.10"]
[Round "2.2"]
[White "Kuci, Blerim"]
[Black "Gasthofer, Alexander"]
[Result "1/2-1/2"]
[WhiteElo "2202"]
[BlackElo "2434"]
[PlyCount "32"]
[EventDate "2013.10.13"]
[EventType "team-tourn"]
[EventRounds "9"]
[EventCountry "GER"]
[SourceTitle "EXT 2015"]
[Source "ChessBase"]
[SourceDate "2014.11.20"]
[SourceVersion "1"]
[SourceVersionDate "2014.11.20"]
[SourceQuality "1"]
[WhiteTeam "Hockenheim"]
[BlackTeam "Bad Mergentheim"]
[WhiteTeamCountry "GER"]
[BlackTeamCountry "GER"]

1. e4 e6 2. d3 b6 3. Nd2 Bb7 4. Ngf3 g6 5. g3 Bg7 6. Bg2 Ne7 7. 0-0 0-0 8. Nh4 d6 9. f4 Nd7 10. c3 c5 11. Qc2 Qc7 12. Ndf3 Rae8 13. Kh1 h6 14. Be3 Nf6 15. Nd2 Nd7 16. Rae1 d5 1/2-1/2

[Event "Bundesliga 1213"]
[Site "Germany"]
[Date "2013.04.07"]
[Round "15.6"]
[White "Nielsen, Peter Heine"]
[Black "Gasthofer, Alexander"]
[Result "1-0"]
[WhiteElo "2662"]
[BlackElo "2441"]
[PlyCount "75"]
[EventDate "2012.10.20"]
[EventType "team-tourn"]
[EventRounds "15"]
[EventCountry "GER"]
[SourceTitle "CBM 154"]
[Source "ChessBase"]
[SourceDate "2013.05.15"]
[SourceVersion "1"]
[SourceVersionDate "2013.05.15"]
[SourceQuality "1"]
[WhiteTeam "Baden-Baden"]
[BlackTeam "Hockenheim"]
[WhiteTeamCountry "GER"]
[BlackTeamCountry "GER"]

1. d4 d5 2. c4 e6 3. Nf3 Nf6 4. g3 Be7 5. Bg2 0-0 6. 0-0 c6 7. Qc2 Nbd7 8. Nbd2 b6 9. e4 Bb7 10. e5 Ne8 11. cxd5 cxd5 12. Re1 Qc7 13. Qd3 a5 14. Nf1 Ba6 15. Qd1 Rc8 16. Ne3 b5 17. Bf1 Qb7 18. Bd3 a4 19. Ng4 b4 20. Bb1 a3 21. b3 f5 22. exf6 Ndxf6 23. Nxf6+ Nxf6 24. Ng5 Rfe8 25. Bf4 h6 26. Nxe6 Ne4 27. Nxg7 Kxg7 28. Qg4+ Kf7 29. Qh5+ Ke6 30. f3 Bf6 31. fxe4 Bxd4+ 32. Kh1 Kd7 33. Qf5+ Kd8 34. Rd1 Bxa1 35. Rxd5+ Qxd5 36. Qxd5+ Ke7 37. Qd6+ Kf7 38. Qxa6 1-0